000 00668nam a2200241Ia 4500
005 20220706100400.0
008 131103s9999 xx 000 0 und d
020 _a8171020461
_cRs. 400
040 _aLoreto College
041 _aEnglish
082 _a305.5
_bGHO
100 _aGhosh, G.K.
245 _aLegends of origin of the castes and tribes of Eastern India
_cG.K.Ghosh and Shukla Ghosh
260 _aKolkata
_bFirma KLM Private Limited
_c2000
300 _a230p,
504 _aIncludes bibliographical references
630 _aTribes
650 _aSocial Classes
651 _aCastes
700 _aGhosh, Shukla
850 _aLCLIB
942 _cBK
999 _c2352
_d52831